000 00770nam a2200253Ia 4500
003 OSt
005 20221005082749.0
006 a|||||r|||| 00| 0
007 ta
008 221004b |||||||| |||| 00| 0 hin d
020 _a8185999740
_c495
024 _a83077
037 _b8030, 30/03/2005, Hindi Book Centre
_cTextual
040 _aCRL
_cCRL
_bhin
041 _2hin
_ahin
082 _aO152,6N06x, P4;1
100 _aVajpayee Nand Dulare
_9392818
245 0 _aNaya sahitya nae prashna
260 _aNew Delhi
_bSwaraj Prakashan India
_c2004
300 _a267p.
_ccm.
650 _aHINDI LITERATURE
_923866
942 _hO152,6N06x, P4;1
_cTEXL
_2cc
999 _c989853
_d989853